Los grandes maestros de la pintura universal : el post-impresionismo : Rousseau, Gauguin, van Gogh, Toulouse-Lautrec, Utrillo /
Obra en doce volúmenes que hace un recorrido por la historia de la pintura occidental, a través de algunos de los representantes más destacados de cada período. Con ese planteamiento inicia, como es lógico, en el Renacimiento, que es cuando nace el concepto de autor en el arte; y llega hasta la pint...
保存先:
| 第一著者: | |
|---|---|
| フォーマット: | 図書 |
| 言語: | スペイン語 |
| 出版事項: |
México :
Promexa,
1980, c1980
|
| 主題: | |
| タグ: |
タグなし, このレコードへの初めてのタグを付けませんか!
|
MARC
| LEADER | 00000nam^a2200000^a^4500 | ||
|---|---|---|---|
| 001 | 000191554 | ||
| 005 | 20250526000000.0 | ||
| 009 | 20260310102531.824 | ||
| 020 | |a 968-34-0115-5 | ||
| 020 | |a 968-34-0106-6 | ||
| 037 | |a Acervo ITESO - Biblioteca | ||
| 041 | |a ESP | ||
| 082 | |a 759. |b RUS V. 9 | ||
| 100 | |a Russoli, Franco |e (dirección) | ||
| 240 | 1 | 5 | |a [Los grandes maestros de la pintura universal] |
| 245 | 1 | 4 | |a Los grandes maestros de la pintura universal : |b el post-impresionismo : Rousseau, Gauguin, van Gogh, Toulouse-Lautrec, Utrillo / |c Dir. de F. Russoli ; tr. por R.L. Solís Brun. |
| 246 | 2 | |a Título en la cubierta: Los grandes maestros de la pintura universal: Rousseau, Gauguin, van Gogh, Toulouse-Lautrec, Utrillo | |
| 264 | 4 | |a México : |b Promexa, |c 1980, c1980 | |
| 300 | |a 143 p., [80 láminas] (gran formato) ; |c 35.5 cm. | ||
| 336 | |a texto |b txt |2 rdacontenido | ||
| 337 | |a sin mediación |b n |2 rdamedio | ||
| 338 | |a volumen |b nc |2 rdasoporte | ||
| 520 | |a Obra en doce volúmenes que hace un recorrido por la historia de la pintura occidental, a través de algunos de los representantes más destacados de cada período. Con ese planteamiento inicia, como es lógico, en el Renacimiento, que es cuando nace el concepto de autor en el arte; y llega hasta la pintura moderna, con un volumen final dedicado a artistas mexicanos. | ||
| 649 | |a XX | ||
| 650 | |a Pintores Franceses | ||
| 650 | |a Artistas Franceses | ||
| 650 | |a Postimpresionismo - |x Historia y Crítica - |x Tema Principal | ||
| 650 | |a Pintura Moderna - |x Historia y Crítica - |x Tema Principal | ||
| 650 | |a Pintura Francesa - |x Historia y Crítica | ||
| 650 | |a Arte Moderno - |x Historia y Crítica | ||
| 650 | |a Arte Francés - |x Historia y Crítica | ||
| 650 | |a Gauguin, Paul | ||
| 650 | |a Gogh, Vincent van | ||
| 650 | |a Toulouse-Lautrec, Henri de | ||
| 650 | |a Utrillo, Maurice | ||
| 600 | |a Rousseau, Henri | ||
| 910 | |a Fondo General | ||
| 920 | |a Impresos - Libros | ||
| 930 | |a Libros Antiguos y Raros | ||
| 905 | |a 108 | ||
| 901 | |a 0500264462 |b IT2 |c LRA |u 20250526 | ||
| 902 | |a https://opac.biblio.iteso.mx/vufind/Record/000191554 | ||